Cities A-Z by clue #2 - Statistics

General Stats
  • This quiz has been taken 62 times
  • The average score is 17 of 26
Answer Stats
Hint Letter Answer % Correct
Largest city in Turkey I Istanbul
100%
Capital city of France P Paris
100%
New Zealands largest city A Auckland
98%
Where the Renaissance began F Florence
91%
Where the football clubs Celtic and Rangers are from G Glasgow
91%
Former Japanese capital city K Kyoto
91%
Largest city in Switzerland Z Zurich
91%
Second largest metro area in Japan O Osaka
89%
Swedish city that connects Copenhagen with the Øresund Bridge M Malmö
87%
Largest city in the Americas with this letter L Los Angeles
81%
Saudi Arabian city on the Red Sea J Jeddah
80%
One of the largest cities in the Ruhr area E Essen
76%
This city was named Stalingrad from 1925-1961 V Volgograd
74%
Largest city in the Manila Metro area Q Quezon City
61%
Capital of Brunei B Bandar Seri Begawan
56%
Moroccan city on the Strait of Gibraltar T Tangier
56%
Indonesian resort city D Denpasar
54%
Capital city in the country with the second least population density W Windhoek
54%
The second largest coastal city in the Americas, with this letter R Recife
48%
German city with the worlds highest church steeple U Ulm
48%
Largest city in Sichuan C Chengdu
46%
Only city with this letter that has a population above 10 million X Xiamen
46%
Chinese city known for its Ice and Snow Festival H Harbin
44%
One of the largest cities in Central Asia, known for the Silk Road S Samarkand
35%
Host city of the 2018 FIFA World Cup Y Yekaterinburg
33%
Where you can find the Red Fort N New Delhi
19%
No matching quizzes found
Score Distribution
Percent of People with Each Score
Percentile by Number Answered
Your Score History
You have not taken this quiz